书目信息 |
| 题名: |
手机摄影技法大全
|
|
| 作者: | ;先锋影像 编著 | |
| 分册: | ||
| 出版信息: | 北京 电子工业出版社 2020.4 |
|
| 页数: | 199页 | |
| 开本: | 21cm | |
| 丛书名: | ||
| 单 册: | ||
| 中图分类: | J41 , TN929.53 | |
| 科图分类: | ||
| 主题词: | 移动电话机--yi dong dian hua ji--摄影技术 | |
| 电子资源: | ||
| ISBN: | 978-7-121-38426-4 | |
| 000 | 01113nam0 2200253 450 | |
| 001 | 2157997842 | |
| 005 | 20211012163109.45 | |
| 010 | @a978-7-121-38426-4@dCNY69.00 | |
| 100 | @a20200511d2020 em y0chiy0120 ea | |
| 101 | 0 | @achi |
| 102 | @aCN@b110000 | |
| 105 | @aa z 000yy | |
| 106 | @ar | |
| 200 | 1 | @a手机摄影技法大全@Ashou ji she ying ji fa da quan@f先锋影像编著 |
| 205 | @a2版 | |
| 210 | @a北京@c电子工业出版社@d2020.4 | |
| 215 | @a199页@c照片@d21cm | |
| 330 | @a本书讲解了如何通过手机拍出优秀的摄影作品,其中包括手机摄影作品的评价标准,快速提升手机摄影功力的技巧,避免照片模糊的方法,避免照片过亮或过暗的技巧,摄影构图、用光等理论。针对手机摄影经常拍摄的题材如人像、自拍、街拍、风光、建筑、花卉、美食等,讲解了数十种即学即用的技法。此外,本书还介绍了许多能够轻松提高照片格调的后期处理App。通过学习本书,相信各位读者一定能够快速提高自己的手机摄影水准,掌握从拍摄到出图的全流程。 | |
| 606 | 0 | @a移动电话机@Ayi dong dian hua ji@x摄影技术 |
| 690 | @aJ41@v5 | |
| 690 | @aTN929.53@v5 | |
| 711 | 02 | @a先锋影像@Axian feng ying xiang@4编著 |
| 801 | 0 | @aCN@b百万庄@c20211007 |
| 905 | @b1306185-88@dJ41@e422=2@f4 | |
| 手机摄影技法大全/先锋影像编著.-2版.-北京:电子工业出版社,2020.4 |
| 199页:照片;21cm |
| ISBN 978-7-121-38426-4:CNY69.00 |
| 本书讲解了如何通过手机拍出优秀的摄影作品,其中包括手机摄影作品的评价标准,快速提升手机摄影功力的技巧,避免照片模糊的方法,避免照片过亮或过暗的技巧,摄影构图、用光等理论。针对手机摄影经常拍摄的题材如人像、自拍、街拍、风光、建筑、花卉、美食等,讲解了数十种即学即用的技法。此外,本书还介绍了许多能够轻松提高照片格调的后期处理App。通过学习本书,相信各位读者一定能够快速提高自己的手机摄影水准,掌握从拍摄到出图的全流程。 |
| ● |
| 相关链接 |
|
|
|
|
正题名:手机摄影技法大全
索取号:J41/422=2
 
预约/预借
| 序号 | 登录号 | 条形码 | 馆藏地/架位号 | 状态 | 备注 |
| 1 | 1306185 | 213061853 | 第一样本阅览室/ [索取号:J41/422=2] | 在馆 | |
| 2 | 1306186 | 213061862 | 第一借阅区/ [索取号:J41/422=2] | 在馆 | |
| 3 | 1306187 | 213061871 | 第一借阅区/ [索取号:J41/422=2] | 在馆 | |
| 4 | 1306188 | 213061880 | 第一借阅区/ [索取号:J41/422=2] | 在馆 |